000 01142nam a22003377a 4500
003 CHAP
005 20220329135831.0
008 971013s1994 r 00010 d
010 _a42979
011 _a43951
035 _a48089
040 _cCHAP
090 _aTesis
100 0 0 _aCarriles Odriozola, Rodrigo.
_919436
245 _aPropagación in vitro de orégano (Poliomintha longiflora (Gray))
260 _aMarín, N. L. :
_bEl autor,
_c1994
300 _a40 h.
_b: ilus.
502 _aTesis (Ing. Agr. Fitotecnista) -- Universidad Autónoma de Nuevo León. Facultad de Agronomía
590 _aALEPH
_b10
_c20130110
_lUCH01
_h1312
590 _aBATCH-UPD
_b10
_c20130110
_lUCH01
_h0230
590 _aBATCH-UPD
_b10
_c20130110
_lUCH01
_h2033
590 _aBATCH-UPD
_b10
_c20130409
_lUCH01
_h2253
590 _aBATCH-UPD
_b10
_c20130410
_lUCH01
_h1349
590 _aBATCH-UPD
_b10
_c20130914
_lUCH01
_h0852
590 _aCONVERSION
_b10
_c20130109
_lUCH01
_h1324
650 1 4 _aCultivo de tejidos.
_930213
650 1 4 _aOrégano
_xPropagación.
_983629
901 _aBK
942 _cTESIS
949 _bBC
_cTES
_d-109085
_eTS1
_h28016
_i48089
_si
999 _c42979
_d42979